Islam Gender and Social Change (Record no. 752134)
[ view plain ]
| 000 -LEADER | |
|---|---|
| fixed length control field | 01483nam a22001937a 4500 |
| 003 - CONTROL NUMBER IDENTIFIER | |
| control field | OSt |
| 005 - DATE AND TIME OF LATEST TRANSACTION | |
| control field | 20251008153034.0 |
| 008 - FIXED-LENGTH DATA ELEMENTS--GENERAL INFORMATION | |
| fixed length control field | 251008b |||||||| |||| 00| 0 eng d |
| 020 ## - INTERNATIONAL STANDARD BOOK NUMBER | |
| International Standard Book Number | 9789360611361 |
| 040 ## - CATALOGING SOURCE | |
| Transcribing agency | kul |
| 082 ## - DEWEY DECIMAL CLASSIFICATION NUMBER | |
| Classification number | 305.48 FAI |
| 084 ## - OTHER CLASSIFICATION NUMBER | |
| Source of Number | Colon Classification |
| 100 ## - MAIN ENTRY--PERSONAL NAME | |
| Personal name | Faisal Zamal |
| 9 (RLIN) | 2770 |
| 245 ## - TITLE STATEMENT | |
| Title | Islam Gender and Social Change |
| 260 ## - PUBLICATION, DISTRIBUTION, ETC. | |
| Place of publication, distribution, etc. | New Delhi, |
| Name of publisher, distributor, etc. | Pinakin Publishing, |
| Date of publication, distribution, etc. | 2025. |
| 300 ## - PHYSICAL DESCRIPTION | |
| Extent | 262p. |
| 520 ## - SUMMARY, ETC. | |
| Summary, etc. | “Islam, Gender, and Social Change” examines the complex interplay between Islamic teachings, gender roles, and the evolving social dynamics within Muslim societies. This book offers an insightful exploration of how Islamic principles have historically shaped gender relations and how contemporary movements are challenging and redefining these roles. This book navigates through various interpretations of gender within Islamic theology, discussing the diverse perspectives that exist among scholars and communities. The book also addresses the impact of modernity, globalization, and social activism on gender issues in the Muslim world, highlighting both the struggles and progress made in areas such as women’s rights, education, and political participation. With a balanced and thoughtful approach, “Islam, Gender, and Social Change” provides readers with a deeper understanding of the ongoing discourse on gender within the context of Islam and its implications for broader societal transformations. |
| 942 ## - ADDED ENTRY ELEMENTS (KOHA) | |
| Source of classification or shelving scheme | Dewey Decimal Classification |
| Koha item type | Book |
| Withdrawn status | Lost status | Source of classification or shelving scheme | Damaged status | Not for loan | Home library | Current library | Shelving location | Date acquired | Total Checkouts | Full call number | Barcode | Date last seen | Price effective from | Koha item type |
|---|---|---|---|---|---|---|---|---|---|---|---|---|---|---|
| Dewey Decimal Classification | Dept. of Islamic Studies | Dept. of Islamic Studies | Book Cart | 08/10/2025 | 305.48 FAI | ISL8301 | 08/10/2025 | 08/10/2025 | Book |
